Quiz spé svt terminale - Le corps humain - Statistiques

Statistiques générales
  • Ce quiz a été pris 362 fois
  • Le résultat moyen est 10 sur 30
Statistiques - réponses
Hint Réponse % Correct
Comment appelle-t-on un réflexe involontaire d'un muscle en réponse à son propre étirement Myotatique
69%
Quel organe est capable de stocker et de libérer du glucose selon la glycémie Foie
63%
Quel terme désigne la concentration en glucose dans le sang Glycémie
58%
Dans quelle substance de la moelle épinière se trouve les corps cellulaire des neurones Grise
58%
Molécule nécessaire a la rupture des liaisons avec les têtes de myosine ATP
45%
Myofilament fin se trouvant dans le sarcomere Actine
44%
Le GABA est un neurotransmetteur...... Inhibiteur
41%
Quel type de neurones propage des messages nerveux nées d'un récepteur sensoriel Sensitif
41%
Espace entre une synapse presynaptique et postsynaptique Fente synaptique
39%
Quel hormone est sécréter par le pancréas, issus des îlots de langerhans , afin d'augmenter la glycémie Glucagon
38%
Quelle molécule est responsable de la phase d'alarme du stress aigu Adrénaline
37%
Quel étape commune consiste a oxyder le glucose en acide pyruvique Glycolyse
37%
Quel terme est utilisé pour décrire que le cerveau est capable de se remanier Plasticité cérébrale
37%
Variation brève du potentiel de repos pouvant durer 2 ms Potentiel d'action
35%
Neurotransmetteur spécifique de la synapse neuro musculaire Acetylcholine
34%
Maladie touchant les cellules musculaires Myopathie
34%
Pouvant être spinaux ou rachidiens , ils contiennent aussi les corps cellulaire des neurones sensitifs Ganglions
31%
Métabolisme réalisé en présence d'O2 et générant 36 ATP Respiration cellulaire
29%
Quel terme désigne la synthèse du glucose en glycogène Glycogenogenese
28%
Quelle sommation est effectué quand le motoneurone fait le bilan des info reçues par les différents neurones en même temps Spatiale
27%
En plus de noyaux et de sarcoplasme, les fibres musculaires sont composées de nombreuses.... Myofibrille
25%
Partie du cerveau générant des messages nerveux moteurs Cortex moteur
18%
Comment appelle-t-on la dernière phase d'un stress aigu Résilience
18%
Quelle partie de la glande surenale secrète le cortisol Cortico surrénale
17%
Quelle partie du corps , les neurones pyramidaux se croisent Bulbe rachidien
16%
De quelle type est la synapse se trouvant dans la moelle épinière Neuroneuronale
15%
Système composé de structure cérébrale comme les amygdales , hippocampes , hypothalamus Système Limbique
14%
Terme désignant une situation contraignante soudaine perturbant l'environnement Agent stresseur
10%
Traitements médicamenteux contenant des benzodiazépines Anxiolytique
9%
Ensemble de réaction chimique ayant pour but de produire de l'ATP par du glucose et qui est réalisé selon l'environnement et le type de fibre Voie métabolique
2%
Aucun quiz correspondant
Distribution des résultats
% des personnes avec chaque résultat
Percentile par nombre de réponses
Votre historique - résultats
Vous n’avez pas pris ce quiz